[Event "Festival International d'échecs de Condom 2017"]
[Site "Condom"]
[Date "2017.07.13"]
[Round "7.1"]
[White "Lacroix, Romain"]
[Black "Said, Brih"]
[Result "0-1"]
[BlackElo "2316"]
[WhiteElo "2248"]
[LiveChessVersion "1.4.8"]

1. d4 {[%clk 1:30:54]} c5 {[%clk 1:23:54]} 2. d5 {[%clk 1:30:51]} e6
{[%clk 1:24:15]} 3. e4 {[%clk 1:29:58]} Nf6 {[%clk 1:17:28]} 4. Nc3
{[%clk 1:28:44]} d6 {[%clk 1:17:48]} 5. Nf3 {[%clk 1:27:12]} exd5
{[%clk 1:15:41]} 6. Nxd5 {[%clk 1:21:38]} Nxd5 {[%clk 1:00:45]} 7. Qxd5
{[%clk 1:18:23]} Be7 {[%clk 1:00:41]} 8. Bc4 {[%clk 1:17:48]} O-O
{[%clk 0:59:16]} 9. O-O {[%clk 1:16:27]} Nc6 {[%clk 0:57:42]} 10. h3
{[%clk 1:10:32]} Na5 {[%clk 0:49:17]} 11. Be2 {[%clk 1:02:03]} Be6
{[%clk 0:47:18]} 12. Qh5 {[%clk 0:54:35]} g6 {[%clk 0:43:18]} 13. Qh6
{[%clk 0:54:45]} f6 {[%clk 0:43:44]} 14. b3 {[%clk 0:47:17]} Nc6 {[%clk 0:39:02]}
15. Bb2 {[%clk 0:46:37]} Ne5 {[%clk 0:39:28]} 16. Rad1 {[%clk 0:43:25]} Qc8
{[%clk 0:33:55]} 17. Qe3 {[%clk 0:36:49]} g5 {[%clk 0:28:07]} 18. Nd2
{[%clk 0:22:40]} Ng6 {[%clk 0:25:30]} 19. Bc4 {[%clk 0:20:42]} Nf4
{[%clk 0:24:58]} 20. Qf3 {[%clk 0:12:40]} Rf7 {[%clk 0:23:13]} 21. Bxe6
{[%clk 0:12:13]} Qxe6 {[%clk 0:23:15]} 22. Nc4 {[%clk 0:11:16]} Bf8
{[%clk 0:23:38]} 23. Rfe1 {[%clk 0:09:37]} Re8 {[%clk 0:23:50]} 24. Qg4
{[%clk 0:09:39]} b5 {[%clk 0:22:54]} 25. Qxe6 {[%clk 0:07:37]} Rxe6
{[%clk 0:20:38]} 26. Nd2 {[%clk 0:08:04]} h5 {[%clk 0:19:53]} 27. Nf1
{[%clk 0:07:46]} Rfe7 {[%clk 0:16:23]} 28. Ne3 {[%clk 0:06:23]} Re8
{[%clk 0:16:15]} 29. f3 {[%clk 0:06:30]} Rc8 {[%clk 0:12:57]} 30. Nd5
{[%clk 0:05:53]} Kf7 {[%clk 0:13:18]} 31. Nxf4 {[%clk 0:06:05]} gxf4
{[%clk 0:13:46]} 32. Rd5 {[%clk 0:06:23]} Kg6 {[%clk 0:13:00]} 33. Red1
{[%clk 0:06:11]} Rc6 {[%clk 0:13:22]} 34. Rf5 {[%clk 0:05:21]} Bh6
{[%clk 0:13:47]} 35. Rfd5 {[%clk 0:01:26]} b4 {[%clk 0:14:00]} 36. Kf1
{[%clk 0:00:48]} Bg7 {[%clk 0:10:11]} 37. Ke2 {[%clk 0:00:50]} Ra6
{[%clk 0:09:10]} 38. Ra1 {[%clk 0:01:12]} Re8 {[%clk 0:08:31]} 39. a4
{[%clk 0:01:03]} Rc8 {[%clk 0:08:01]} 40. Rad1 {[%clk 0:01:01]} Rcc6
{[%clk 0:06:30]} 41. Bc1 {[%clk 0:22:27]} Bh6 {[%clk 0:37:00]} 42. Bd2
{[%clk 0:21:45]} Rab6 {[%clk 0:36:48]} 43. Kd3 {[%clk 0:18:12]} Rb8
{[%clk 0:31:54]} 44. Kc4 {[%clk 0:18:28]} Re8 {[%clk 0:32:19]} 45. Bc1
{[%clk 0:18:24]} Re6 {[%clk 0:32:12]} 46. Rf5 {[%clk 0:16:44]} Re5
{[%clk 0:31:30]} 47. Rd5 {[%clk 0:15:20]} Rc8 {[%clk 0:31:14]} 48. Bb2
{[%clk 0:15:15]} Re6 {[%clk 0:31:10]} 49. Bc1 {[%clk 0:14:10]} Re5
{[%clk 0:24:51]} 50. Rxd6 {[%clk 0:11:04]} Rxf5 {[%clk 0:22:02]} 51. exf5+
{[%clk 0:11:33]} Kxf5 {[%clk 0:21:59]} 52. Bb2 {[%clk 0:11:03]} Bg5
{[%clk 0:21:22]} 53. Rd5+ {[%clk 0:11:13]} Ke6 {[%clk 0:21:47]} 54. Rxc5
{[%clk 0:11:19]} Rd8 {[%clk 0:21:58]} 55. Bd4 {[%clk 0:11:38]} Bh4
{[%clk 0:21:21]} 56. Rxh5 {[%clk 0:11:14]} Be1 {[%clk 0:21:15]} 57. Ra5
{[%clk 0:11:04]} Rg8 {[%clk 0:21:03]} 58. Ra6+ {[%clk 0:11:24]} Ke7
{[%clk 0:20:34]} 59. Rxa7+ {[%clk 0:11:33]} Ke6 {[%clk 0:21:01]} 60. Ra6+
{[%clk 0:11:56]} Ke7 {[%clk 0:21:26]} 61. Ra7+ {[%clk 0:09:35]} Ke6
{[%clk 0:21:51]} 62. Bc5 {[%clk 0:09:58]} Bd2 {[%clk 0:20:39]} 63. Re7+
{[%clk 0:09:38]} Kf5 {[%clk 0:21:03]} 64. Re2 {[%clk 0:10:03]} Be3
{[%clk 0:21:13]} 65. g4+ {[%clk 0:09:42]} fxg3 {[%clk 0:21:09]} 66. Bxe3
{[%clk 0:10:01]} Re8 {[%clk 0:20:30]} 67. Kxb4 {[%clk 0:08:51]} g2
{[%clk 0:20:48]} 68. Rxg2 {[%clk 0:09:17]} Rxe3 {[%clk 0:21:14]} 69. a5
{[%clk 0:09:35]} Kf4 {[%clk 0:21:32]} 70. a6 {[%clk 0:09:07]} Re6
{[%clk 0:21:44]} 71. Kb5 {[%clk 0:09:11]} Re5+ {[%clk 0:22:07]} 72. Kb4
{[%clk 0:08:42]} Kxf3 {[%clk 0:21:50]} 73. a7 {[%clk 0:08:55]} Re8
{[%clk 0:22:15]} 74. Rg7 {[%clk 0:08:58]} f5 {[%clk 0:22:40]} 75. Kc5
{[%clk 0:09:14]} f4 {[%clk 0:23:03]} 76. Kb6 {[%clk 0:09:34]} Ke2
{[%clk 0:23:20]} 77. Kb7 {[%clk 0:09:25]} 0-1

[Event "Festival International d'échecs de Condom 2017"]
[Site "Condom"]
[Date "2017.07.13"]
[Round "7.2"]
[White "Grishchenko, Sergey"]
[Black "Bissieres, Matthieu"]
[Result "1/2-1/2"]
[BlackElo "2367"]
[WhiteElo "2439"]
[LiveChessVersion "1.4.8"]

1. d4 {[%clk 1:30:57]} Nf6 {[%clk 1:30:43]} 2. c4 {[%clk 1:31:20]} g6
{[%clk 1:30:58]} 3. Nc3 {[%clk 1:31:44]} Bg7 {[%clk 1:31:20]} 4. e4
{[%clk 1:32:08]} d6 {[%clk 1:31:40]} 5. Be2 {[%clk 1:32:31]} O-O {[%clk 1:31:40]}
6. Be3 {[%clk 1:32:55]} Na6 {[%clk 1:30:33]} 7. g4 {[%clk 1:33:01]} e5
{[%clk 1:30:09]} 8. d5 {[%clk 1:33:20]} Nc5 {[%clk 1:27:52]} 9. Bf3
{[%clk 1:33:34]} a5 {[%clk 1:27:44]} 10. h4 {[%clk 1:33:49]} Nfd7
{[%clk 1:22:23]} 11. h5 {[%clk 1:14:44]} Nb6 {[%clk 1:17:17]} 12. Be2
{[%clk 1:09:15]} Bd7 {[%clk 1:11:22]} 13. Qd2 {[%clk 0:38:49]} Nba4
{[%clk 1:03:19]} 14. Nxa4 {[%clk 0:31:26]} Bxa4 {[%clk 1:01:52]} 15. f3
{[%clk 0:31:10]} Qe7 {[%clk 1:01:46]} 16. hxg6 {[%clk 0:11:23]} fxg6
{[%clk 0:52:03]} 17. Nh3 {[%clk 0:11:06]} Bf6 {[%clk 0:45:20]} 18. Ng5
{[%clk 0:08:55]} Bxg5 {[%clk 0:44:59]} 19. Bxg5 {[%clk 0:09:21]} Qf7
{[%clk 0:41:15]} 20. Qe3 {[%clk 0:09:07]} Rab8 {[%clk 0:40:27]} 21. Rh6
{[%clk 0:06:19]} Qe8 {[%clk 0:36:57]} 22. Kf2 {[%clk 0:05:04]} Bd7
{[%clk 0:37:05]} 23. Rah1 {[%clk 0:04:42]} Qf7 {[%clk 0:34:14]} 24. Kg3
{[%clk 0:03:26]} Qg7 {[%clk 0:33:48]} 25. Qc3 {[%clk 0:02:00]} b6
{[%clk 0:32:46]} 26. b3 {[%clk 0:02:25]} Rf7 {[%clk 0:32:46]} 27. a3
{[%clk 0:02:47]} Ra8 {[%clk 0:31:44]} 28. b4 {[%clk 0:01:33]} axb4
{[%clk 0:32:07]} 1/2-1/2

[Event "Festival International d'échecs de Condom 2017"]
[Site "Condom"]
[Date "2017.07.13"]
[Round "7.3"]
[White "Kukov, Velislav"]
[Black "Laurent-Paoli, Pierre"]
[Result "0-1"]
[BlackElo "2290"]
[WhiteElo "2386"]
[LiveChessVersion "1.4.8"]

1. Nf3 {[%clk 1:30:53]} d6 {[%clk 1:30:10]} 2. d4 {[%clk 1:31:01]} g6
{[%clk 1:29:56]} 3. g3 {[%clk 1:30:01]} Bg7 {[%clk 1:30:08]} 4. Bg2
{[%clk 1:30:27]} Nf6 {[%clk 1:30:24]} 5. b3 {[%clk 1:30:41]} c5 {[%clk 1:16:42]}
6. Bb2 {[%clk 1:26:57]} cxd4 {[%clk 1:15:02]} 7. Nxd4 {[%clk 1:27:10]} d5
{[%clk 1:15:24]} 8. c4 {[%clk 1:26:49]} dxc4 {[%clk 1:13:02]} 9. bxc4
{[%clk 1:27:15]} Qb6 {[%clk 1:11:14]} 10. Qb3 {[%clk 1:27:38]} Nfd7
{[%clk 1:07:11]} 11. Nb5 {[%clk 1:13:04]} Nc5 {[%clk 0:37:33]} 12. Qa3
{[%clk 1:11:48]} Bxb2 {[%clk 0:35:17]} 13. Qxb2 {[%clk 1:10:55]} O-O
{[%clk 0:34:53]} 14. Qc1 {[%clk 0:55:41]} a6 {[%clk 0:30:25]} 15. N5c3
{[%clk 0:52:31]} Be6 {[%clk 0:30:39]} 16. Nd2 {[%clk 0:47:09]} Nbd7
{[%clk 0:27:39]} 17. O-O {[%clk 0:46:23]} Rac8 {[%clk 0:27:19]} 18. Rb1
{[%clk 0:44:30]} Qa5 {[%clk 0:24:05]} 19. Nb3 {[%clk 0:40:52]} Qc7
{[%clk 0:18:32]} 20. Nxc5 {[%clk 0:36:00]} Nxc5 {[%clk 0:18:38]} 21. Nd5
{[%clk 0:35:59]} Bxd5 {[%clk 0:18:37]} 22. cxd5 {[%clk 0:35:58]} b5
{[%clk 0:13:28]} 23. e4 {[%clk 0:15:40]} Na4 {[%clk 0:12:42]} 24. Qe3
{[%clk 0:14:06]} Qc5 {[%clk 0:10:46]} 25. Qg5 {[%clk 0:04:47]} Nc3
{[%clk 0:10:36]} 26. Rb2 {[%clk 0:04:56]} Rfe8 {[%clk 0:05:20]} 27. h4
{[%clk 0:02:22]} Rcd8 {[%clk 0:04:07]} 28. h5 {[%clk 0:01:42]} Qd4
{[%clk 0:03:40]} 29. Rd2 {[%clk 0:00:41]} Nxe4 {[%clk 0:03:20]} 30. Qxg6+
{[%clk 0:00:39]} hxg6 {[%clk 0:03:43]} 31. Rxd4 {[%clk 0:01:05]} Nc3
{[%clk 0:02:46]} 32. Rg4 {[%clk 0:01:27]} Kg7 {[%clk 0:01:51]} 33. Bf3
{[%clk 0:00:42]} Rd6 {[%clk 0:01:18]} 34. hxg6 {[%clk 0:00:42]} Rxg6
{[%clk 0:01:44]} 35. Rb4 {[%clk 0:00:34]} a5 {[%clk 0:01:46]} 36. Rb3
{[%clk 0:00:39]} b4 {[%clk 0:02:13]} 0-1

[Event "Festival International d'échecs de Condom 2017"]
[Site "Condom"]
[Date "2017.07.15"]
[Round "8.1"]
[White "Del Rey, Diego"]
[Black "Lacroix, Romain"]
[Result "1/2-1/2"]
[BlackElo "2248"]
[WhiteElo "2349"]
[LiveChessVersion "1.4.8"]

1. e4 {[%clk 1:27:26]} d6 {[%clk 1:30:38]} 2. d4 {[%clk 1:27:34]} Nf6
{[%clk 1:30:58]} 3. Nc3 {[%clk 1:27:52]} e5 {[%clk 1:31:14]} 4. Nf3
{[%clk 1:28:02]} Nbd7 {[%clk 1:31:34]} 5. Bc4 {[%clk 1:28:20]} Be7
{[%clk 1:31:55]} 6. O-O {[%clk 1:28:30]} O-O {[%clk 1:32:12]} 7. Re1
{[%clk 1:28:47]} c6 {[%clk 1:32:25]} 8. a4 {[%clk 1:29:11]} a5 {[%clk 1:32:51]}
9. b3 {[%clk 1:29:35]} exd4 {[%clk 1:33:00]} 10. Nxd4 {[%clk 1:29:58]} Ne5
{[%clk 1:31:47]} 11. Bf1 {[%clk 1:28:00]} Re8 {[%clk 1:30:42]} 12. f4
{[%clk 1:19:02]} Ng6 {[%clk 1:29:33]} 13. h3 {[%clk 1:16:53]} Bf8
{[%clk 1:23:02]} 14. Qd3 {[%clk 1:10:55]} h5 {[%clk 0:59:18]} 15. Bd2
{[%clk 1:06:52]} Qc7 {[%clk 0:55:27]} 16. Kh1 {[%clk 1:03:09]} Bd7
{[%clk 0:49:32]} 17. Qf3 {[%clk 1:00:59]} Rad8 {[%clk 0:46:13]} 18. Bd3
{[%clk 0:56:58]} Bc8 {[%clk 0:44:23]} 19. Rad1 {[%clk 0:53:15]} Be7
{[%clk 0:30:24]} 20. Bc1 {[%clk 0:47:08]} h4 {[%clk 0:28:07]} 21. Bb2
{[%clk 0:44:05]} Qb6 {[%clk 0:22:33]} 22. Bc4 {[%clk 0:36:42]} Qc5
{[%clk 0:22:23]} 23. Nde2 {[%clk 0:26:29]} Bf8 {[%clk 0:20:32]} 24. Bd3
{[%clk 0:22:38]} Qh5 {[%clk 0:10:32]} 25. Qf2 {[%clk 0:19:03]} d5
{[%clk 0:10:16]} 1/2-1/2

[Event "Festival International d'échecs de Condom 2017"]
[Site "Condom"]
[Date "2017.07.15"]
[Round "8.2"]
[White "Bissieres, Matthieu"]
[Black "Kukov, Velislav"]
[Result "1/2-1/2"]
[BlackElo "2386"]
[WhiteElo "2367"]
[LiveChessVersion "1.4.8"]

1. e4 {[%clk 1:30:57]} d5 {[%clk 1:30:56]} 2. exd5 {[%clk 1:31:18]} Qxd5
{[%clk 1:31:23]} 3. Nc3 {[%clk 1:31:38]} Qd8 {[%clk 1:31:49]} 4. d4
{[%clk 1:31:12]} Nf6 {[%clk 1:32:10]} 5. Bc4 {[%clk 1:31:22]} a6 {[%clk 1:32:19]}
6. Nf3 {[%clk 1:30:22]} e6 {[%clk 1:31:29]} 7. Qe2 {[%clk 1:25:07]} Be7
{[%clk 1:25:54]} 8. Bg5 {[%clk 1:16:14]} b5 {[%clk 1:20:18]} 9. Bd3
{[%clk 1:14:36]} Bb7 {[%clk 1:18:46]} 10. O-O {[%clk 1:08:39]} O-O
{[%clk 1:18:35]} 11. Rad1 {[%clk 1:07:28]} Nbd7 {[%clk 1:16:47]} 12. Rfe1
{[%clk 1:00:50]} b4 {[%clk 0:52:52]} 13. Ne4 {[%clk 0:52:00]} Bxe4
{[%clk 0:47:54]} 14. Bxe4 {[%clk 0:49:30]} Nxe4 {[%clk 0:48:09]} 15. Bxe7
{[%clk 0:49:39]} Qxe7 {[%clk 0:47:47]} 16. Qxe4 {[%clk 0:49:56]} Nf6
{[%clk 0:47:59]} 17. Qh4 {[%clk 0:45:02]} Rfd8 {[%clk 0:39:50]} 18. Ne5
{[%clk 0:43:45]} Rd5 {[%clk 0:28:18]} 19. Re3 {[%clk 0:38:30]} h6
{[%clk 0:21:41]} 20. Rf3 {[%clk 0:33:13]} Re8 {[%clk 0:01:50]} 21. Rdd3
{[%clk 0:26:21]} c5 {[%clk 0:00:38]} 22. Rg3 {[%clk 0:22:11]} Kf8
{[%clk 0:00:36]} 23. h3 {[%clk 0:05:38]} cxd4 {[%clk 0:00:45]} 24. Nc6
{[%clk 0:02:20]} Qc5 {[%clk 0:00:38]} 25. Nxd4 {[%clk 0:02:32]} Rh5
{[%clk 0:00:48]} 26. Nb3 {[%clk 0:02:26]} Qxf2+ 27. Kxf2 Rxh4 28. Ke2 1/2-1/2

[Event "Festival International d'échecs de Condom 2017"]
[Site "Condom"]
[Date "2017.07.15"]
[Round "8.4"]
[White "Gervasio, Ricardo"]
[Black "Mirzoev, Emil"]
[Result "*"]
[BlackElo "2448"]
[WhiteElo "2215"]
[LiveChessVersion "1.4.8"]

1. d4 {[%clk 1:27:04]} Nf6 {[%clk 1:29:55]} 2. Nf3 {[%clk 1:27:13]} d6
{[%clk 1:28:33]} 3. g3 {[%clk 1:24:33]} g6 {[%clk 1:28:18]} 4. Bg2
{[%clk 1:24:42]} Bg7 {[%clk 1:28:43]} 5. O-O {[%clk 1:24:12]} O-O
{[%clk 1:29:02]} 6. c4 {[%clk 1:23:22]} Nc6 {[%clk 1:28:51]} 7. Nc3
{[%clk 1:19:29]} Bf5 {[%clk 1:29:03]} 8. d5 {[%clk 1:04:32]} Na5 {[%clk 1:29:21]}
9. Nd4 {[%clk 1:02:25]} Bd7 {[%clk 1:29:26]} 10. b3 {[%clk 1:01:11]} c5
{[%clk 1:29:30]} 11. dxc6 {[%clk 0:56:45]} bxc6 {[%clk 1:28:14]} 12. Bd2
{[%clk 0:50:38]} c5 {[%clk 1:23:42]} 13. Nc2 {[%clk 0:50:50]} Nc6
{[%clk 1:23:39]} 14. h3 {[%clk 0:49:49]} Rb8 {[%clk 1:23:31]} 15. Rb1
{[%clk 0:45:43]} Nd4 {[%clk 1:21:25]} 16. e3 {[%clk 0:45:41]} Ne6
{[%clk 1:19:38]} 17. Kh2 {[%clk 0:46:05]} Qc8 {[%clk 1:19:54]} 18. f4
{[%clk 0:45:08]} Bc6 {[%clk 1:19:25]} 19. e4 {[%clk 0:42:03]} Nd4
{[%clk 1:17:04]} 20. Be1 {[%clk 0:41:43]} e5 {[%clk 1:15:49]} 21. Ne3
{[%clk 0:40:48]} exf4 {[%clk 1:12:54]} 22. gxf4 {[%clk 0:40:26]} Re8
{[%clk 1:13:15]} 23. Qd3 {[%clk 0:38:41]} Nxe4 {[%clk 1:10:18]} 24. Bxe4
{[%clk 0:36:58]} Bxe4 {[%clk 1:10:34]} 25. Nxe4 {[%clk 0:37:19]} Qe6
{[%clk 1:10:50]} 26. Nxc5 {[%clk 0:34:31]} dxc5 {[%clk 1:09:29]} 27. Bd2
{[%clk 0:32:18]} Rbd8 {[%clk 1:08:21]} 28. Ng2 {[%clk 0:28:39]} Nb5
{[%clk 0:57:32]} 29. Qf3 {[%clk 0:21:56]} Rxd2 {[%clk 0:57:41]} 30. cxb5
{[%clk 0:22:26]} Rxa2 {[%clk 0:57:59]} 31. Rfe1 {[%clk 0:22:04]} Qxe1
{[%clk 0:52:05]} 32. Rxe1 {[%clk 0:21:54]} Rxe1 {[%clk 0:52:34]} 33. Qa8+
{[%clk 0:21:28]} Bf8 {[%clk 0:51:58]} 34. b6 {[%clk 0:19:44]} Ree2
{[%clk 0:50:34]} 35. bxa7 {[%clk 0:17:58]} Re7 {[%clk 0:50:41]} 36. Kg3
{[%clk 0:18:04]} Rexa7 {[%clk 0:50:52]} 37. Qd5 {[%clk 0:17:53]} Rb2
{[%clk 0:48:55]} 38. Ne3 {[%clk 0:18:16]} Ra3 {[%clk 0:48:54]} 39. Nc4
{[%clk 0:14:32]} Rbxb3+ {[%clk 0:48:44]} 40. Qa8 *